World's Busiest Airports - Extreme - Statistics

General Stats
  • This quiz has been taken 11,401 times
    11,386 since last reset
  • The average score is 107 of 150
Answer Stats
Passengers City % Correct
73.41m London (Heathrow)
97%
38.11m London (Gatwick)
96%
53.26m New York City (JFK)
96%
96.18m Atlanta
95%
10.50m London (Luton)
95%
19.95m London (Stansted)
95%
35.61m New York City (Newark)
95%
63.81m Paris (Charles de Gaulle)
95%
28.86m Paris (Orly)
95%
72.83m Tokyo (Haneda)
95%
35.54m Tokyo (Narita)
95%
86.13m Beijing
94%
70.66m Los Angeles
94%
26.96m New York City (LaGuardia)
94%
33.11m Moscow (Domodedovo)
93%
31.57m Moscow (Sheremetyevo)
93%
12.60m Moscow (Vnukovo)
93%
41.82m Madrid
92%
38.51m Rome
92%
21.07m Chicago (Midway)
91%
70.00m Chicago (O'Hare)
91%
63.55m Dallas/Fort Worth
91%
70.48m Dubai
91%
40.94m Miami
91%
38.86m Sydney
91%
37.54m Barcelona
90%
39.75m Delhi
90%
37.97m Shanghai (Hongqiao)
90%
51.69m Shanghai (Pudong)
90%
56.77m Istanbul (Atatürk)
89%
23.63m Istanbul (Sabiha Gokcen)
89%
34.26m Mexico City
89%
47.12m San Francisco
89%
20.69m Berlin (Tegel)
88%
59.57m Frankfurt
88%
34.99m Mumbai
88%
17.54m Rio de Janeiro
88%
54.98m Amsterdam
87%
14.68m Cairo
87%
41.24m Houston (Intercontinental)
87%
11.95m Houston (William Hobby)
87%
37.50m Seattle
87%
38.57m Toronto
87%
18.84m Milan (Malpensa)
86%
54.09m Singapore
86%
63.12m Hong Kong
85%
57.22m Jakarta
85%
39.70m Munich
85%
24.07m Oslo
85%
21.57m Seoul (Gimpo)
85%
45.66m Seoul (Incheon)
85%
22.46m Stockholm
85%
21.55m Bangkok (Don Mueang)
84%
46.42m Bangkok (Suvarnabhumi)
84%
31.64m Boston
84%
21.71m Dublin
84%
31.73m Melbourne
84%
15.18m Athens
83%
10.26m Buenos Aires
83%
19.49m Vancouver
83%
18.14m Lisbon
82%
21.42m Washington (Dulles)
82%
53.47m Denver
81%
19.16m Johannesburg
81%
14.27m St Petersburg
81%
20.78m Washington (Reagan National)
81%
25.59m Copenhagen
80%
14.53m Osaka (Itami)
80%
19.35m Osaka (Kansai)
80%
21.91m Brussels
79%
15.95m Helsinki
79%
22.06m Manchester
79%
10.59m Warsaw
79%
27.48m Bogotá
78%
48.93m Kuala Lumpur
78%
34.02m Manila
78%
35.71m Orlando
78%
22.48m Vienna
78%
42.87m Las Vegas
77%
16.06m Santiago
77%
18.06m São Paulo (Congonhas)
77%
39.77m São Paulo (Guarulhos)
77%
54.78m Guangzhou
76%
14.82m Montreal
76%
14.12m Perth
76%
19.87m Abu Dhabi
75%
15.67m Lima
75%
25.43m Zurich
75%
15.39m Auckland
74%
30.74m Philadelphia
74%
42.13m Phoenix
74%
26.48m Doha
73%
18.76m San Diego
73%
32.51m Detroit
72%
20.52m Riyadh
71%
35.80m Taipei
71%
11.14m Prague
70%
14.93m Tel Aviv
69%
14.76m Hamburg
67%
11.04m Ankara
66%
22.26m Brisbane
66%
44.28m Charlotte
66%
35.15m Minneapolis
66%
10.72m Austin
65%
10.66m Kolkata
65%
15.92m Portland
65%
17.55m Tampa
61%
18.15m Brasilia
60%
10.16m Edinburgh
60%
15.06m Geneva
59%
9.94m New Orleans
59%
29.26m Xi'an
59%
13.81m Chennai
57%
14.47m Bengaluru
56%
36.27m Shenzhen
56%
11.66m Nice
55%
37.71m Chengdu
54%
21.85m Düsseldorf
53%
26.57m Jeddah
53%
21.14m Salt Lake City
53%
12.38m St Louis
53%
22.31m Baltimore
52%
11.04m Nashville
52%
15.24m Calgary
51%
17.54m Cancun
49%
10.38m Busan
48%
19.26m Sapporo
48%
10.38m Kuwait
47%
9.89m Nagoya
47%
9.81m Hyderabad
45%
29.26m Chongqing
44%
10.17m Kansas City
43%
20.86m Xiamen
43%
9.72m Stuttgart
41%
10.96m Izmir
36%
13.73m Malaga
36%
23.11m Palma
36%
28.48m Antalya
34%
10.79m Belo Horizonte
32%
24.65m Fort Lauderdale
32%
19.40m Fukuoka
32%
25.53m Hangzhou
32%
32.35m Kunming
28%
11.40m Phuket
27%
10.34m Oakland
26%
10.06m Alicante
24%
23.20m Jeju
22%
17.28m Naha (Okinawa)
20%
10.31m Gran Canaria
12%
9.83m Campinas (Viracopos)
8%
No matching quizzes found
Score Distribution
Percent of People with Each Score
Percentile by Number Answered
Your Score History
You have not taken this quiz since the last reset